Proceedings : the tenth annual symposium on computer applications in medical care, October 25-26, 1986, Washington, DC /

Bibliographic Details
Corporate Authors: Symposium on Computer Applications in Medical Care Washington, DC, IEEE Computer Society
Other Authors: Orthner, Helmuth F.
Format: Conference Proceeding Book
Language:English
Published: Washington, DC : IEEE Computer Society Press, [1986]
Subjects:

MARC

Tag First Indicator Second Indicator Subfields
LEADER 00000cam a2200000 a 4500
001 in00000007024
005 20151004080011.0
008 870109s1986 dcua b 10110 eng d
010 |a  79641114  
020 |a 0818607394 
035 |a (OCoLC)15049878 
035 |9 AAA1489AM 
040 |a EQL  |c EQL  |d VET  |d m/c  |d NRC  |d TXA  |d UtOrBLW 
049 |a TXAM  |c [A12617399] 
050 4 |a R858.A2  |b S95 1986 
111 2 |a Symposium on Computer Applications in Medical Care  |n (10th :  |d 1986 :  |c Washington, DC) 
245 1 0 |a Proceedings :  |b the tenth annual symposium on computer applications in medical care, October 25-26, 1986, Washington, DC /  |c edited by Helmuth F. Orthner. 
264 1 |a Washington, DC :  |b IEEE Computer Society Press,  |c [1986] 
264 4 |c ©1986 
300 |a xiv, 428 pages :  |b illustrations ;  |c 28 cm. 
336 |a text  |b txt  |2 rdacontent 
337 |a unmediated  |b n  |2 rdamedia 
338 |a volume  |b nc  |2 rdacarrier 
504 |a Includes bibliographies and indexes. 
500 |a Cover title: IEEE 1986 Computer applications in medical care. 
500 |a "IEEE Catalog Number 86CH2341-6." 
500 |a "Computer Society Order Number 739." 
650 0 |a Medicine  |x Data processing  |v Congresses. 
700 1 |a Orthner, Helmuth F. 
710 2 |a IEEE Computer Society. 
740 0 |a Computer applications in medical care. 
740 0 |a IEEE 1986 computer applications in medical care. 
999 |a MARS 
999 f f |s 187cc19d-9b5d-3c0a-bf62-d413906df593  |i e999ccd6-2467-3e42-ba0f-ffa50d996282  |t 0 
952 f f |p ric  |a Texas A&M University  |b Rellis Campus  |c Joint Library Facility  |d Remote Storage  |t 0  |e R858.A2 S95 1986  |h Library of Congress classification  |i unmediated -- volume  |m A14812617399 
998 f f |a R858.A2 S95 1986  |t 0  |l Remote Storage